000 00586nam a22002177a 4500
003 OSt
005 20200419123151.0
008 180531b xxu||||| |||| 00| 0 eng d
020 _a020795545x
040 _aLB-BrCRDP
082 _a375 M987k
100 _aP. W. Musgrave
245 _aKnowledge, Curriculum and change
260 _aLondon
_bAngus & Robertson
_c1973
300 _a105p
_c22cm
490 _aSecond century in Australian education, 9.
630 _a Education -- Curricula.
630 _a Curriculumforschung
630 _a Curriculumforschung.
942 _2ddc
_cBK
999 _c19294
_d19294